| 000 | 01438cam a2200409 a 4500 | ||
|---|---|---|---|
| 001 | 2276 | ||
| 003 | FISKH | ||
| 005 | 20231114134637.0 | ||
| 008 | 101209s2011 nyua b 000 1 eng | ||
| 010 | _a 2010047587 | ||
| 020 | _a9780545116824 | ||
| 020 | _a0545116821 | ||
| 020 | _a9780545117319 | ||
| 040 |
_aDLC _cDLC _dDLC _beng |
||
| 042 |
_alcac _apcc |
||
| 050 | 0 | 0 |
_aPZ7.L3274 _bSpi 2011 |
| 082 | 0 | 0 |
_a310 _222 |
| 100 | 1 | _aLasky, Kathryn. | |
| 245 | 1 | 0 |
_aSpiders on the case / _cby Kathryn Lasky ; illustrated by Stephen Gilpin |
| 260 |
_aNew York : _bScholastic, _c2011. |
||
| 300 |
_a171 pages : _billustrations ; _c20 cm |
||
| 490 | 0 | _aThe Deadlies | |
| 505 | _aR | ||
| 520 | _aBuster, a walnut orb weaving spider, enlists the help of Jo Beth, one of a family of poisonous but friendly brown recluse spiders, to help stop humans who are stealing from the rare books room of the Boston Public Library, where the spiders live. | ||
| 521 | 8 |
_a680
_bLexile |
|
| 521 | 8 |
_aR
_bRaz-Plus |
|
| 610 | 2 | 1 |
_aBoston Public Library _vFiction. |
| 650 | 1 |
_aBrown recluse spider _vFiction. |
|
| 650 | 1 |
_aOrb weavers _vFiction. |
|
| 650 | 1 |
_aSpiders _vFiction. |
|
| 650 | 1 |
_aBooks and reading _vFiction. |
|
| 650 | 1 |
_aFamily life _zMassachusetts _vFiction. |
|
| 651 | 1 |
_aBoston (Mass.) _vFiction. |
|
| 700 | 1 |
_aGilpin, Stephen, _eillustrator |
|
| 906 |
_a7 _bcbc _corignew _d1 _eecip _f20 _gy-gencatlg |
||
| 942 |
_2ddc _cBK _n0 |
||
| 999 |
_c2276 _d2276 |
||